[Event "BSV - Berliner Einzelmeisterschaft 2025 "]
[Site "Berlin, Germany"]
[Date "2025.04.24"]
[Round "6.12"]
[White "Pererva, Viktor"]
[Black "Noeldner, Julian"]
[Result "0-1"]
[WhiteElo "2017"]
[BlackElo "2279"]
[PlyCount "70"]
[GameId "2170577026543691"]
[EventDate "2025.??.??"]
[TimeControl "40/6600:1800+30"]

1. c4 c5 2. g3 g6 3. Bg2 Bg7 4. Nc3 Nc6 5. Nf3 e6 6. d4 Nxd4 7. Nxd4 cxd4 8. Ne4 d5 9. Qa4+ Kf8 10. Qa3+ Qe7 11. Nd6 Be5 12. c5 h5 13. O-O h4 14. h3 hxg3 15. fxg3 f5 16. e4 dxe3 17. Bxe3 Nf6 18. Bg5 Bd4+ 19. Kh1 Rh5 20. Be3 Bxe3 21. Qxe3 Kg8 22. Rad1 Bd7 23. b4 a6 24. Qe5 Bc6 25. a4 Ng4 26. Qd4 Qh7 27. Kg1 Rxh3 28. Bxh3 Qxh3 29. Rd2 e5 30. Qb2 d4 31. Qb3+ Kg7 32. Rf3 Bxf3 33. Qxf3 e4 34. Qb3 Ne5 35. Rf2 Rh8 0-1

[Event "BSV - Berliner Einzelmeisterschaft 2025 "]
[Site "Berlin, Germany"]
[Date "2025.04.24"]
[Round "6.13"]
[White "Jahnz, Fabian"]
[Black "Vollmar, Timo"]
[Result "1-0"]
[WhiteElo "2242"]
[BlackElo "1882"]
[PlyCount "89"]
[GameId "2170577026543695"]
[EventDate "2025.??.??"]
[TimeControl "40/6600:1800+30"]

1. e4 c5 2. Nf3 Nc6 3. Bc4 e6 4. O-O g6 5. d4 cxd4 6. Nxd4 Nf6 7. Nc3 a6 8. Re1 Qc7 9. Bg5 Bg7 10. a4 O-O 11. Nf3 d6 12. Qd2 Ne5 13. Be2 Bd7 14. Rad1 Bc6 15. Qf4 Nfd7 16. Be7 Nxf3+ 17. gxf3 Be5 18. Qh4 Rfe8 19. f4 Nc5 20. fxe5 Qxe7 21. Qxe7 Rxe7 22. exd6 Rd7 23. e5 Nxa4 24. Nxa4 Bxa4 25. b3 Bc6 26. f4 f6 27. Kf2 fxe5 28. fxe5 Rf8+ 29. Kg3 Rdf7 30. Rf1 Kg7 31. Rxf7+ Rxf7 32. Bg4 Bd7 33. Ra1 h5 34. Bf3 Rf5 35. Bxb7 Rxe5 36. Rxa6 Re3+ 37. Kf2 Rc3 38. Be4 Kf6 39. Ra7 Ke5 40. Rxd7 Kxe4 41. Rc7 Rh3 42. d7 Rxh2+ 43. Ke1 Ke3 44. Rc3+ Kd4 45. Rd3+ 1-0

[Event "BSV - Berliner Einzelmeisterschaft 2025 "]
[Site "Berlin, Germany"]
[Date "2025.04.24"]
[Round "6.14"]
[White "Matthes, Aaron"]
[Black "Torosyan, Bagrat"]
[Result "1-0"]
[WhiteElo "2253"]
[BlackElo "2145"]
[PlyCount "103"]
[GameId "2170577026543703"]
[EventDate "2025.??.??"]
[TimeControl "40/6600:1800+30"]

1. d4 Nf6 2. Nf3 g6 3. Bf4 Bg7 4. c3 d6 5. Nbd2 Nbd7 6. e4 O-O 7. Be2 Re8 8. h3 e5 9. dxe5 dxe5 10. Be3 Qe7 11. O-O Nc5 12. Qc2 Nfd7 13. a4 Rf8 14. b4 Ne6 15. Bc4 a5 16. Qb3 Nb6 17. bxa5 Nxc4 18. Nxc4 Nf4 19. Qb4 Qxb4 20. cxb4 f5 21. Bxf4 fxe4 22. Bxe5 exf3 23. Bxg7 Kxg7 24. Rfe1 fxg2 25. Re7+ Rf7 26. Re8 Rf4 27. Rc1 Kf7 28. Rh8 Kg7 29. Rd8 Rh4 30. Rc3 Re4 31. Ne3 c6 32. Rc4 Re7 33. Rf4 c5 34. Rc4 Rd7 35. Rxd7+ Bxd7 36. Rxc5 Bc6 37. Nxg2 Rd8 38. Ne3 Rd4 39. b5 Bf3 40. Rc4 Rd8 41. Rc7+ Kh6 42. Rf7 Be2 43. Rxb7 Rd4 44. Ng4+ Kg5 45. Re7 Bf3 46. Rf7 Bd5 47. f4+ Kh4 48. Rd7 Kg3 49. Ne3 Rd3 50. Rxd5 Rxe3 51. Rd1 Ra3 52. Rb1 1-0

[Event "BSV - Berliner Einzelmeisterschaft 2025 "]
[Site "Berlin, Germany"]
[Date "2025.04.24"]
[Round "6.15"]
[White "Caglar, Ertan"]
[Black "Foerster, Jonas"]
[Result "0-1"]
[WhiteElo "1836"]
[BlackElo "2266"]
[PlyCount "92"]
[GameId "2170577026543696"]
[EventDate "2025.??.??"]
[TimeControl "40/6600:1800+30"]

1. e4 d6 2. d4 Nf6 3. Nc3 g6 4. Be3 c6 5. Be2 Nbd7 6. h4 h5 7. f3 b5 8. a3 Nb6 9. Nh3 Bxh3 10. Rxh3 a6 11. e5 Nfd5 12. Nxd5 Nxd5 13. Qd2 Nxe3 14. Qxe3 e6 15. f4 d5 16. Kf2 Be7 17. g3 Qb6 18. Rhh1 c5 19. c3 Rc8 20. Rhc1 Kf8 21. b4 cxd4 22. cxd4 Kg7 23. Rc3 Rxc3 24. Qxc3 Rc8 25. Qxc8 Qxd4+ 26. Kg2 Qxa1 27. Qe8 Bf8 28. Qd8 Qb2 29. Kf2 Qd4+ 30. Kf1 Qa7 31. Qf6+ Kg8 32. Qd8 Kg7 33. Qf6+ Kh7 34. Bd3 Qe7 35. Qxe7 Bxe7 36. Ke2 Bd8 37. Bc2 Be7 38. Bd3 Kg7 39. Ke3 Kf8 40. f5 gxf5 41. Be2 Bd8 42. Bxh5 Bc7 43. Kd4 Bb6+ 44. Kd3 Bf2 45. Bf3 Bxg3 46. Kd4 Bf2+ 0-1

[Event "BSV - Berliner Einzelmeisterschaft 2025 "]
[Site "Berlin, Germany"]
[Date "2025.04.24"]
[Round "6.17"]
[White "Mankel, Luca"]
[Black "Boettcher, Patrick"]
[Result "1/2-1/2"]
[WhiteElo "2008"]
[BlackElo "2051"]
[PlyCount "38"]
[GameId "2170577026543706"]
[EventDate "2025.??.??"]
[TimeControl "40/6600:1800+30"]

1. e4 c5 2. Nf3 d6 3. Nc3 Nf6 4. d4 cxd4 5. Qxd4 a6 6. Nd5 e5 7. Nxf6+ Qxf6 8. Qd3 h6 9. Be2 Be6 10. O-O Qd8 11. Be3 Be7 12. Nd2 d5 13. exd5 Qxd5 14. Qxd5 Bxd5 15. Nc4 Nd7 16. Rad1 Be6 17. Nd6+ Bxd6 18. Rxd6 Ke7 19. Rfd1 Rac8 1/2-1/2

[Event "BSV - Berliner Einzelmeisterschaft 2025 "]
[Site "Berlin, Germany"]
[Date "2025.04.25"]
[Round "7.1"]
[White "Czernek, Tymon"]
[Black "Vavulin, Maxim"]
[Result "1/2-1/2"]
[WhiteElo "2374"]
[BlackElo "2527"]
[PlyCount "33"]
[GameId "2170635390021801"]
[EventDate "2025.??.??"]
[TimeControl "40/6600:1800+30"]

1. e4 g6 2. d4 Bg7 3. Nf3 d6 4. Bc4 e6 5. Bb3 Ne7 6. O-O O-O 7. Re1 b6 8. Nbd2 Bb7 9. Nf1 c5 10. c3 Nbc6 11. Ne3 Na5 12. Bc2 Qd7 13. h4 cxd4 14. cxd4 f5 15. exf5 Nxf5 16. Nxf5 exf5 17. Bf4 1/2-1/2

[Event "BSV - Berliner Einzelmeisterschaft 2025 "]
[Site "Berlin, Germany"]
[Date "2025.04.25"]
[Round "7.2"]
[White "Florstedt, Johannes"]
[Black "Hesse, Henrik"]
[Result "0-1"]
[WhiteElo "2382"]
[BlackElo "2252"]
[PlyCount "162"]
[GameId "2170635390021806"]
[EventDate "2025.??.??"]
[TimeControl "40/6600:1800+30"]

1. e4 e5 2. Nf3 Nf6 3. Nxe5 d6 4. Nf3 Nxe4 5. d3 Nf6 6. d4 d5 7. Bd3 Bd6 8. Qe2+ Qe7 9. Qxe7+ Kxe7 10. O-O Re8 11. Re1+ Kf8 12. Rxe8+ Kxe8 13. Nc3 c6 14. Bg5 Nbd7 15. Re1+ Kf8 16. Ne5 h6 17. Bf4 Bb8 18. h4 Nxe5 19. dxe5 Nd7 20. Bf5 Nb6 21. Bxc8 Nxc8 22. Ne2 Nb6 23. Nd4 Nd7 24. h5 Bc7 25. Re3 Nc5 26. Rc3 Ne4 27. Rf3 Re8 28. e6 Bxf4 29. exf7 Kxf7 30. Rxf4+ Nf6 31. Kf1 Re5 32. Rf5 Re4 33. Ne2 Ke6 34. Ng3 Re5 35. Rf3 Nxh5 36. Ne2 Re4 37. Rf8 Kd7 38. f3 Re8 39. Rf7+ Re7 40. Rf8 Re8 41. Rf7+ Re7 42. Rf8 c5 43. g4 Nf6 44. Ng3 Ke6 45. Nf5 Rd7 46. Rc8 b6 47. Rc6+ Ke5 48. Ng3 d4 49. Kf2 Rf7 50. Ke2 Kd5 51. Rc8 Re7+ 52. Kf2 Kc4 53. Nf5 Rd7 54. Ke2 Nd5 55. Rg8 Nf4+ 56. Kd2 g6 57. Nxh6 Re7 58. Rf8 g5 59. Nf7 Re2+ 60. Kd1 Rh2 61. Nd6+ Kd5 62. Nf5 Rh1+ 63. Kd2 Rh2+ 64. Kd1 Rf2 65. Rd8+ Ke5 66. Re8+ Kd5 67. Rd8+ Kc6 68. Rc8+ Kb5 69. Rg8 Rf1+ 70. Kd2 Rf2+ 71. Kd1 Rxf3 72. Rxg5 Rf1+ 73. Kd2 Rf2+ 74. Kd1 d3 75. Ne3 Re2 76. Rf5 Nh3 77. c4+ Kc6 78. Rf6+ Kd7 79. Rf3 Nf2+ 80. Kc1 d2+ 81. Kc2 d1=Q+ 0-1

[Event "BSV - Berliner Einzelmeisterschaft 2025 "]
[Site "Berlin, Germany"]
[Date "2025.04.25"]
[Round "7.3"]
[White "Bueyuekasik, Diyap"]
[Black "Matviienko, Mykhailo"]
[Result "1-0"]
[WhiteElo "2236"]
[BlackElo "2158"]
[PlyCount "145"]
[GameId "2170635390021810"]
[EventDate "2025.??.??"]
[TimeControl "40/6600:1800+30"]

1. Nf3 Nf6 2. g3 b6 3. Bg2 Bb7 4. c4 e6 5. O-O c5 6. Nc3 Be7 7. d4 cxd4 8. Qxd4 Nc6 9. Qf4 O-O 10. Rd1 d6 11. b3 a6 12. Ba3 b5 13. Bxd6 Qa5 14. cxb5 Bxd6 15. Qxd6 axb5 16. Qc5 b4 17. Na4 Nd5 18. Rac1 Ra7 19. Rd2 Ba8 20. Ne1 Nce7 21. e4 Nf6 22. Qxa5 Rxa5 23. Rc4 Bc6 24. Rxb4 Bxa4 25. Rxa4 Rxa4 26. bxa4 e5 27. f3 g5 28. Rd6 Kg7 29. Nd3 Ra8 30. Nxe5 Rxa4 31. Rd2 h5 32. h3 h4 33. g4 Ra5 34. Nc4 Ra4 35. Bf1 Ra7 36. Ne3 Nd7 37. Kf2 Ne5 38. Bb5 Ra3 39. Be2 N7g6 40. Nd5 Kg8 41. Kg2 Nf4+ 42. Nxf4 gxf4 43. Bd1 Rc3 44. Be2 Ra3 45. Kf2 Kg7 46. g5 Kg6 47. Rd5 f6 48. gxf6 Kxf6 49. Rd6+ Ke7 50. Ra6 Rc3 51. Rh6 Rc2 52. Ke1 Rxa2 53. Rxh4 Ra1+ 54. Kf2 Ra2 55. Kf1 Ra1+ 56. Kg2 Ra2 57. Rxf4 Rxe2+ 58. Kg3 Re1 59. Rf5 Ke6 60. h4 Rg1+ 61. Kf2 Rg8 62. h5 Nd7 63. Ra5 Kf6 64. f4 Rg4 65. Ra6+ Ke7 66. Kf3 Rh4 67. h6 Nf6 68. e5 Ng8 69. h7 Kf7 70. e6+ Kg7 71. hxg8=Q+ Kxg8 72. Ra8+ Kg7 73. e7 1-0

[Event "BSV - Berliner Einzelmeisterschaft 2025 "]
[Site "Berlin, Germany"]
[Date "2025.04.25"]
[Round "7.4"]
[White "Polzin, Rainer"]
[Black "Jahnz, Laurin"]
[Result "1-0"]
[WhiteElo "2401"]
[BlackElo "2192"]
[PlyCount "51"]
[GameId "2170635390021796"]
[EventDate "2025.??.??"]
[TimeControl "40/6600:1800+30"]

1. e4 c6 2. d4 d5 3. e5 Bf5 4. Nd2 e6 5. Nb3 Nd7 6. Nf3 Qc7 7. Be3 f6 8. exf6 Ngxf6 9. Bd3 Bxd3 10. Qxd3 Bd6 11. O-O O-O 12. h3 e5 13. dxe5 Nxe5 14. Nxe5 Bxe5 15. c3 Rae8 16. Rae1 b6 17. Nd4 Bxd4 18. Bxd4 Qd6 19. Rxe8 Rxe8 20. Qa6 Re7 21. b4 Qe6 22. f3 Ne8 23. a4 Nc7 24. Qxa7 Qg6 25. Qxb6 Re2 26. Bf2 1-0

[Event "BSV - Berliner Einzelmeisterschaft 2025 "]
[Site "Berlin, Germany"]
[Date "2025.04.25"]
[Round "7.5"]
[White "Yatskar, Martin"]
[Black "Ahmadinia, Ebrahim"]
[Result "1-0"]
[WhiteElo "2169"]
[BlackElo "2396"]
[PlyCount "139"]
[GameId "2170635390021811"]
[EventDate "2025.??.??"]
[TimeControl "40/6600:1800+30"]

1. d4 d5 2. c4 c6 3. cxd5 cxd5 4. Bf4 Nc6 5. e3 Nf6 6. Nc3 a6 7. Be2 Bf5 8. Nf3 e6 9. Qb3 Bb4 10. Ne5 Qe7 11. Nxc6 bxc6 12. O-O O-O 13. Na4 Nd7 14. Rfc1 Rfc8 15. a3 Bd6 16. Bxd6 Qxd6 17. Qb4 Qc7 18. Nc5 a5 19. Qa4 e5 20. Nxd7 Bxd7 21. Rc5 exd4 22. Qxd4 Qb7 23. Bd1 Rcb8 24. b3 Re8 25. Bc2 Qb8 26. Rd1 g6 27. Qd2 Bg4 28. Rb1 Qb6 29. Qd4 Reb8 30. Rc1 Bd7 31. Bd1 Qd8 32. Qf4 Qf8 33. Qc7 Qd8 34. Qd6 Rb7 35. g3 Qf8 36. Qf4 Qe7 37. h4 h5 38. Qd4 Qf8 39. Bc2 Qg7 40. Rd1 Qxd4 41. Rxd4 Kf8 42. e4 dxe4 43. Bxe4 Ra6 44. Bd3 Raa7 45. Bc4 Ke7 46. Re5+ Kf6 47. f4 Rc7 48. Rd6+ Kg7 49. Rc5 Kf8 50. Kf2 Ke7 51. Rd3 Be6 52. Re5 Rd7 53. Rde3 Rd6 54. f5 gxf5 55. Rxf5 Rd2+ 56. Ke1 Ra2 57. Rxh5 Kf6 58. Bxe6 fxe6 59. Rh6+ Kf5 60. Rhxe6 Rxa3 61. Kf2 Kg4 62. R6e4+ Kh3 63. Kf3 Rg7 64. h5 Rxg3+ 65. Kf4 Rxe3 66. Rxe3+ Kg2 67. h6 Ra1 68. Rg3+ Kh2 69. h7 Rf1+ 70. Rf3 1-0

[Event "BSV - Berliner Einzelmeisterschaft 2025 "]
[Site "Berlin, Germany"]
[Date "2025.04.25"]
[Round "7.6"]
[White "Klenburg, Mikhail"]
[Black "Krefenstein, Sergej"]
[Result "1-0"]
[WhiteElo "2338"]
[BlackElo "2013"]
[PlyCount "103"]
[GameId "2170635390021807"]
[EventDate "2025.??.??"]
[TimeControl "40/6600:1800+30"]

1. g3 d5 2. Nf3 Bg4 3. Bg2 Nf6 4. d3 c6 5. h3 Bh5 6. g4 Bg6 7. Ne5 Nbd7 8. Nxg6 hxg6 9. e3 e6 10. Nd2 Qc7 11. Nf3 Bd6 12. Bd2 a5 13. Qe2 e5 14. Ng5 Nh7 15. Nxh7 Rxh7 16. O-O-O O-O-O 17. Kb1 a4 18. Qe1 Re8 19. Ba5 b6 20. Bd2 a3 21. b3 Kb7 22. c4 e4 23. cxd5 cxd5 24. Rc1 Qb8 25. d4 Be7 26. Bb4 Bxb4 27. Qxb4 Re6 28. Rc2 Qd6 29. Qa4 Rh8 30. Rhc1 Nb8 31. Bf1 Ree8 32. Rc7+ Qxc7 33. Rxc7+ Kxc7 34. Qa7+ Kc6 35. b4 Nd7 36. Bb5+ Kxb5 37. Qxd7+ Kxb4 38. Qxd5 Re6 39. Qb3+ Ka5 40. Qxa3+ Kb5 41. Qb3+ Ka5 42. Qc4 b5 43. Qc7+ Rb6 44. Qa7+ Ra6 45. Qc5 Rxh3 46. Qc7+ Ka4 47. Qc2+ Ka5 48. d5 Rf3 49. Qd2+ Kb6 50. d6 Ra8 51. Qd4+ Ka6 52. Qxe4 1-0

[Event "BSV - Berliner Einzelmeisterschaft 2025 "]
[Site "Berlin, Germany"]
[Date "2025.04.25"]
[Round "7.7"]
[White "Jahnz, Fabian"]
[Black "Ermitsch, Magnus"]
[Result "0-1"]
[WhiteElo "2242"]
[BlackElo "2401"]
[PlyCount "128"]
[GameId "2170635390021805"]
[EventDate "2025.??.??"]
[TimeControl "40/6600:1800+30"]

1. e4 c5 2. Nf3 d6 3. Bb5+ Bd7 4. Bxd7+ Qxd7 5. O-O Nf6 6. Qe2 Nc6 7. Rd1 g5 8. c3 g4 9. Ne1 Qe6 10. d3 d5 11. Be3 b6 12. Na3 Bg7 13. Nb5 Qd7 14. Bf4 O-O 15. Bg5 Ne5 16. Bxf6 exf6 17. d4 Nc4 18. a4 a6 19. Na3 Nxa3 20. Rxa3 cxd4 21. Rxd4 Rfe8 22. Qd1 Qe6 23. Rxd5 Qxe4 24. Ra1 f5 25. Rd3 h5 26. Nc2 f4 27. f3 Qg6 28. Qd2 Re6 29. Re1 Rae8 30. Rd8 Rxd8 31. Qxd8+ Bf8 32. Rxe6 fxe6 33. Ne1 gxf3 34. Nxf3 Qb1+ 35. Kf2 Qxb2+ 36. Qd2 Bc5+ 37. Ke2 Qxd2+ 38. Kxd2 Kf7 39. Kd3 Kf6 40. Ke4 Bd6 41. c4 Bb8 42. Nd4 Bd6 43. Ne2 Kg5 44. Nd4 Kf6 45. Ne2 e5 46. Nc3 Ke6 47. Nd5 Bc5 48. Nc7+ Kd6 49. Nxa6 h4 50. h3 Ba3 51. Kf5 Kc6 52. Kxe5 Kb7 53. c5 Kxa6 54. cxb6 Kxb6 55. Kxf4 Bd6+ 56. Kf3 Bg3 57. Ke2 Ka5 58. Kf1 Kxa4 59. Kg1 Kb3 60. Kf1 Kc3 61. Ke2 Kc2 62. Kf1 Kd2 63. Kg1 Ke2 64. Kh1 Bd6 0-1

[Event "BSV - Berliner Einzelmeisterschaft 2025 "]
[Site "Berlin, Germany"]
[Date "2025.04.25"]
[Round "7.8"]
[White "Noeldner, Julian"]
[Black "Berger, Steve"]
[Result "0-1"]
[WhiteElo "2279"]
[BlackElo "2425"]
[PlyCount "156"]
[GameId "2170635390021804"]
[EventDate "2025.??.??"]
[TimeControl "40/6600:1800+30"]

1. e4 e6 2. d4 d5 3. exd5 exd5 4. Nf3 Nf6 5. Bd3 c5 6. c3 Bd6 7. dxc5 Bxc5 8. O-O O-O 9. Bf4 Nc6 10. Nbd2 h6 11. h3 Nh5 12. Bh2 Qf6 13. Nb3 Bb6 14. Nfd4 Nf4 15. Bxf4 Qxf4 16. Qf3 Qg5 17. Qg3 Qxg3 18. fxg3 Re8 19. Rfe1 Bd7 20. Kf1 g6 21. Nf3 Kg7 22. Nbd4 Kf6 23. g4 Bc7 24. Rxe8 Rxe8 25. Re1 Rh8 26. Kf2 Nd8 27. Bb5 Bc8 28. Nc2 Ne6 29. Nb4 Rd8 30. Rd1 Bb6+ 31. Kf1 Nc7 32. Ba4 a5 33. Nc2 Na6 34. Bb5 Nc5 35. Ncd4 Ne4 36. Bd3 h5 37. gxh5 Ng3+ 38. Kf2 Nxh5 39. Re1 Bc7 40. Ne2 g5 41. g4 Nf4 42. Nxf4 Bxf4 43. Nd4 Rh8 44. Kg2 Bd7 45. Bb5 Be6 46. Ba4 Rd8 47. Bb3 Ke7 48. Nf5+ Kd7 49. Rd1 Kc6 50. Nd4+ Kc5 51. Re1 Rd6 52. a4 Rb6 53. Kf3 Bc7 54. Nb5 Bd8 55. Bc2 Bd7 56. Bd3 Rf6+ 57. Kg2 Rf4 58. b3 Bf6 59. Rf1 Rxf1 60. Kxf1 d4 61. cxd4+ Bxd4 62. Bc4 f6 63. Ke2 Bc6 64. Kd3 Be5 65. Nc3 Bxc3 66. Kxc3 Bg2 67. Be6 Bxh3 68. Kd3 Bg2 69. Kc3 b6 70. Bc8 Bf3 71. Bf5 Bd1 72. Bc8 Kd5 73. Bd7 Kd6 74. Bc8 Ke5 75. Bd7 Kf4 76. b4 Bxg4 77. Be8 axb4+ 78. Kxb4 Be2 0-1

[Event "BSV - Berliner Einzelmeisterschaft 2025 "]
[Site "Berlin, Germany"]
[Date "2025.04.25"]
[Round "7.9"]
[White "Poltorak, Sebastian"]
[Black "Niehaus, Frank"]
[Result "1-0"]
[WhiteElo "2417"]
[BlackElo "2126"]
[PlyCount "73"]
[GameId "2170635390021812"]
[EventDate "2025.??.??"]
[TimeControl "40/6600:1800+30"]

1. e4 d6 2. Nc3 Nf6 3. g3 g6 4. Bg2 Bg7 5. Nge2 O-O 6. O-O c5 7. d3 Nc6 8. h3 Rb8 9. g4 b5 10. Ng3 b4 11. Nce2 a5 12. Rb1 a4 13. b3 Nd7 14. f4 Bb7 15. g5 Ra8 16. Bb2 axb3 17. axb3 Bxb2 18. Rxb2 Qb6 19. Kh1 Ra5 20. Qd2 Rfa8 21. h4 Nd4 22. Bh3 Nb8 23. Nxd4 cxd4 24. Rbb1 Nc6 25. h5 Qc5 26. f5 Bc8 27. hxg6 hxg6 28. Qf2 Ne5 29. fxg6 Bxh3 30. gxf7+ Kf8 31. Qh2 Ng6 32. Qxh3 Qxg5 33. Nf5 Nf4 34. Rxf4 Qxf4 35. Qh8+ Kxf7 36. Qg7+ Ke6 37. Qxe7# 1-0

[Event "BSV - Berliner Einzelmeisterschaft 2025 "]
[Site "Berlin, Germany"]
[Date "2025.04.25"]
[Round "7.10"]
[White "Rose, Daniel"]
[Black "Heerde, Thomas"]
[Result "1-0"]
[WhiteElo "2022"]
[BlackElo "1983"]
[PlyCount "109"]
[GameId "2170635390021797"]
[EventDate "2025.??.??"]
[TimeControl "40/6600:1800+30"]

1. d4 Nf6 2. c4 g6 3. Nc3 Bg7 4. e4 O-O 5. f3 d6 6. Bg5 c5 7. d5 a6 8. Qd2 Qa5 9. h4 e6 10. Nh3 exd5 11. cxd5 Re8 12. Nf2 b5 13. Be2 Nh5 14. O-O Ng3 15. Rfe1 Nxe2+ 16. Rxe2 Nd7 17. Ng4 Bd4+ 18. Kh1 h5 19. Nh6+ Kg7 20. g4 Ne5 21. Qf4 Qc7 22. Bf6+ Kh7 23. Nf5 Bxf5 24. exf5 Nd3 25. Qd2 Bxf6 26. Ne4 Rxe4 27. Rxe4 c4 28. fxg6+ fxg6 29. Re6 Rf8 30. gxh5 gxh5 31. Rg1 Qf7 32. Qe3 Ne5 33. Qe4+ Kh8 34. Qf4 Bg7 35. Rh6+ Kg8 36. Qxf7+ Rxf7 37. Rxd6 Nxf3 38. Rg3 Kh7 39. Rc6 Nd2 40. d6 Ne4 41. Re3 Nf2+ 42. Kg2 Ng4 43. Re7 Rf2+ 44. Kg3 Rxb2 45. Rcc7 Nf6 46. Rxg7+ Kh6 47. d7 Rd2 48. Re7 Kg6 49. Rc6 c3 50. Ree6 Rxd7 51. Rxf6+ Kg7 52. Rfd6 Rxd6 53. Rxd6 a5 54. Rd5 b4 55. Rxa5 1-0

[Event "BSV - Berliner Einzelmeisterschaft 2025 "]
[Site "Berlin, Germany"]
[Date "2025.04.25"]
[Round "7.11"]
[White "Verbitsky, Jaroslaw"]
[Black "Richter, Michael"]
[Result "1-0"]
[WhiteElo "2065"]
[BlackElo "2402"]
[PlyCount "129"]
[GameId "2170635390021800"]
[EventDate "2025.??.??"]
[TimeControl "40/6600:1800+30"]

1. e4 e6 2. d4 d5 3. exd5 exd5 4. Nf3 Nf6 5. Bd3 Bd6 6. Qe2+ Qe7 7. Qxe7+ Bxe7 8. Bf4 Bd6 9. Bxd6 cxd6 10. Nbd2 Nc6 11. c3 Be6 12. O-O Kd7 13. Nh4 g5 14. Nf5 Bxf5 15. Bxf5+ Kc7 16. f4 g4 17. Rfe1 Rae8 18. Kf2 Ne7 19. Bd3 h5 20. Re2 Ng6 21. Rxe8 Rxe8 22. Bxg6 fxg6 23. Re1 Rxe1 24. Kxe1 Kd7 25. Ke2 Ke6 26. g3 Nh7 27. a4 Nf8 28. b3 Kf5 29. Kd3 g5 30. fxg5 Ne6 31. c4 dxc4+ 32. Nxc4 Nxg5 33. Nxd6+ Ke6 34. Nxb7 Kd5 35. Nc5 Nf3 36. Ne4 Ne1+ 37. Kd2 Nf3+ 38. Kd3 Ne1+ 39. Kd2 Nf3+ 40. Ke3 Nxd4 41. Nf6+ Ke5 42. Nd7+ Kd5 43. b4 Ne6 44. Kd3 Ng7 45. Nf8 Ke5 46. Ng6+ Kf5 47. Nf4 h4 48. Kd4 hxg3 49. hxg3 Kf6 50. Kd5 Nf5 51. Kc6 Nxg3 52. Kb7 Ke5 53. Ng2 Ne4 54. Kxa7 Nc3 55. a5 Kd4 56. a6 Kc4 57. Kb6 Nb5 58. Ka5 Na7 59. Ne3+ Kd4 60. Nxg4 Kd5 61. Kb6 Nc8+ 62. Kc7 Na7 63. Kb7 Nb5 64. Ne3+ Kd4 65. a7 1-0

[Event "BSV - Berliner Einzelmeisterschaft 2025 "]
[Site "Berlin, Germany"]
[Date "2025.04.25"]
[Round "7.12"]
[White "Nogly, Christoph"]
[Black "Brustkern, Juergen"]
[Result "1/2-1/2"]
[WhiteElo "2203"]
[BlackElo "2093"]
[PlyCount "38"]
[GameId "2170635390021802"]
[EventDate "2025.??.??"]
[TimeControl "40/6600:1800+30"]

1. d4 f5 2. Nf3 Nf6 3. c4 d6 4. g3 g6 5. Bg2 Bg7 6. O-O O-O 7. Nc3 Qe8 8. d5 a5 9. Nd4 Na6 10. Rb1 Nc5 11. Ndb5 Qd8 12. Be3 Bd7 13. h3 c6 14. Nd4 Rc8 15. Kh2 h6 16. Nb3 Na6 17. Qd2 Kh7 18. Na4 c5 19. Nc3 a4 1/2-1/2

[Event "BSV - Berliner Einzelmeisterschaft 2025 "]
[Site "Berlin, Germany"]
[Date "2025.04.25"]
[Round "7.13"]
[White "Foerster, Jonas"]
[Black "Pererva, Viktor"]
[Result "1/2-1/2"]
[WhiteElo "2266"]
[BlackElo "2017"]
[PlyCount "93"]
[GameId "2170635390021798"]
[EventDate "2025.??.??"]
[TimeControl "40/6600:1800+30"]

1. Nf3 c5 2. e4 d6 3. Bc4 Nf6 4. d3 Nc6 5. Bg5 e6 6. O-O Be7 7. Nc3 h6 8. Bd2 O-O 9. Bb3 a6 10. Re1 b5 11. a4 b4 12. Ne2 a5 13. Ng3 d5 14. Qe2 Re8 15. e5 Nd7 16. c3 Ba6 17. Bc2 Rb8 18. Nh5 Bf8 19. h4 g6 20. Ng3 Bg7 21. Bf4 bxc3 22. bxc3 d4 23. c4 Qc7 24. Ne4 Ncxe5 25. Nxe5 Bxe5 26. Nxc5 Qxc5 27. Bxe5 Nxe5 28. Qxe5 Rec8 29. Bd1 h5 30. Qf6 Qd6 31. Bxh5 Qd8 32. Rxe6 Qxf6 33. Rxf6 Bxc4 34. Bg4 Kg7 35. Rd6 f5 36. Be2 Rb2 37. Bf1 Bb3 38. Rxd4 Rcc2 39. Rd7+ Kh6 40. Ra7 Rxf2 41. Rxa5 Ra2 42. Rb1 Bxa4 43. Rb6 Be8 44. Re5 Bf7 45. Rb7 Rf4 46. Rxf7 Ra1 47. Re3 1/2-1/2

[Event "BSV - Berliner Einzelmeisterschaft 2025 "]
[Site "Berlin, Germany"]
[Date "2025.04.25"]
[Round "7.14"]
[White "Kreutz, Jonas"]
[Black "Matthes, Aaron"]
[Result "1/2-1/2"]
[WhiteElo "2107"]
[BlackElo "2253"]
[PlyCount "141"]
[GameId "2170635390021808"]
[EventDate "2025.??.??"]
[TimeControl "40/6600:1800+30"]

1. e4 c5 2. Nf3 d6 3. d4 cxd4 4. Nxd4 Nf6 5. Nc3 Nc6 6. Bg5 e6 7. Qd2 a6 8. O-O-O Bd7 9. Kb1 Be7 10. Nxc6 Bxc6 11. f3 h6 12. Be3 O-O 13. Rg1 b5 14. Ne2 Qc7 15. g4 Nh7 16. Nd4 Bb7 17. g5 Bxg5 18. Bxg5 hxg5 19. h4 d5 20. exd5 Bxd5 21. hxg5 Rfd8 22. Bd3 g6 23. Qf2 Qc5 24. c3 e5 25. Rh1 Qf8 26. Nc2 Qg7 27. Qg3 Rd6 28. Rh2 Bc4 29. Rhd2 Rad8 30. Ne1 Nf8 31. Qg2 Ne6 32. Bxc4 Rxd2 33. Rxd2 Rxd2 34. Qxd2 bxc4 35. Qd6 Qh8 36. a4 Qh1 37. Qxe5 Nxg5 38. Ka2 Nxf3 39. Qe4 Qxe1 40. Qxf3 Qe6 41. Qa8+ Kg7 42. Qd8 Qc6 43. a5 Qe6 44. Qd4+ f6 45. Qa7+ Kf8 46. Qb6 Ke7 47. Qc5+ Qd6 48. Qxc4 g5 49. Kb3 f5 50. Kc2 g4 51. Qg8 Qh2+ 52. Kd3 Qd6+ 53. Ke3 Qe5+ 54. Kd3 g3 55. Qh7+ Kd6 56. Qg6+ Kd7 57. Qf7+ Kc6 58. Qc4+ Kb7 59. Qf7+ Kc8 60. Qf8+ Kd7 61. Qf7+ Kd6 62. Qg6+ Ke7 63. Qh7+ Kf8 64. Qh6+ Qg7 65. Qxg7+ Kxg7 66. Ke3 Kf6 67. Kf3 f4 68. b4 Ke5 69. c4 Kd6 70. b5 axb5 71. cxb5 1/2-1/2

[Event "BSV - Berliner Einzelmeisterschaft 2025 "]
[Site "Berlin, Germany"]
[Date "2025.04.25"]
[Round "7.15"]
[White "Torosyan, Bagrat"]
[Black "Vollmar, Timo"]
[Result "1-0"]
[WhiteElo "2145"]
[BlackElo "1882"]
[PlyCount "27"]
[GameId "2170635390021799"]
[EventDate "2025.??.??"]
[TimeControl "40/6600:1800+30"]

1. e4 c5 2. Nf3 Nc6 3. d4 cxd4 4. Nxd4 e5 5. Nb5 d6 6. N1c3 Be7 7. Nd5 Nf6 8. Nbc7+ Kf8 9. Nxa8 Nxd5 10. exd5 Nd4 11. c3 Nf5 12. Qa4 a6 13. Qc4 b5 14. Qc6 1-0

[Event "BSV - Berliner Einzelmeisterschaft 2025 "]
[Site "Berlin, Germany"]
[Date "2025.04.25"]
[Round "7.1"]
[White "Boettcher, Patrick"]
[Black "Alten, Silvio"]
[Result "0-1"]
[WhiteElo "2051"]
[BlackElo "1980"]
[PlyCount "46"]
[GameId "2170635390021803"]
[EventDate "2025.??.??"]
[TimeControl "40/6600:1800+30"]

1. d4 d5 2. c4 e6 3. Nc3 Nf6 4. cxd5 exd5 5. Bg5 c6 6. e3 h6 7. Bh4 Be7 8. Bd3 O-O 9. Qc2 Re8 10. Nge2 Nbd7 11. O-O a5 12. f3 b5 13. Rae1 Ba6 14. e4 b4 15. Na4 Bxd3 16. Qxd3 dxe4 17. fxe4 Nxe4 18. Bg3 Bf6 19. Rd1 Nb6 20. Nxb6 Qxb6 21. Kh1 Rad8 22. Qf3 Qb5 23. h4 Qxe2 0-1

[Event "BSV - Berliner Einzelmeisterschaft 2025 "]
[Site "Berlin, Germany"]
[Date "2025.04.26"]
[Round "8.1"]
[White "Vavulin, Maxim"]
[Black "Polzin, Rainer"]
[Result "1-0"]
[WhiteElo "2527"]
[BlackElo "2401"]
[PlyCount "91"]
[GameId "2170993180868639"]
[EventDate "2025.??.??"]
[TimeControl "40/6600:1800+30"]

1. e4 c6 2. d4 d5 3. Nd2 dxe4 4. Nxe4 Nf6 5. Nxf6+ exf6 6. Nf3 Bd6 7. g3 O-O 8. Bg2 Qa5+ 9. c3 Re8+ 10. Be3 Qa6 11. Qe2 Qxe2+ 12. Kxe2 Bf5 13. Nd2 Nd7 14. c4 c5 15. Nb3 cxd4 16. Nxd4 Bg4+ 17. Kd2 Ne5 18. Kc3 Rac8 19. b3 b6 20. h3 Bd7 21. Rad1 Bc5 22. Nc2 Bxe3 23. Nxe3 b5 24. Rd4 bxc4 25. bxc4 Bc6 26. Bxc6 Nxc6 27. Rd7 g6 28. Rb1 Ne5 29. Rd6 Re7 30. Rxf6 Rec7 31. Rf4 Kg7 32. Rb5 Nc6 33. Nd5 Rd7 34. Rc5 Rd6 35. Nb4 h5 36. Rxc6 Rdxc6 37. Nxc6 Rxc6 38. Re4 Kf8 39. Re2 f5 40. Kd4 Rd6+ 41. Kc5 Rd3 42. h4 Kf7 43. Kc6 f4 44. gxf4 Rh3 45. c5 Rxh4 46. Kb7 1-0